00311nam a22001217a 450000500170000000800410001704100120005808200120007010000120008224500450009430000250013965000250016420240827141456.0240827b |||||||| |||| 00| 0 eng d aEnglish a349 LAW lEnglish aThe Laws of the Republic of Namibia 2007 b122 pages; c25 cm.  aLegal practice bLaw